• 首页
  • 本馆介绍
  • 公告通知
  • 最新文献
  • 馆藏检索
  • 电子资源
  • 读者导购
  • 参考咨询
  • 我的图书馆
  • 登录
  • 详细信息显示
  • 放入我的书架
  • 预约/预借图书
  • 作者相关作品
  • 分类相关作品
  • 丛书相关作品
  • 出版社相关作品

书目信息

  • 表格格式
  • 工作单格式
  • 卡片格式
题名:
大西洋移民
    
 
作者: 汉森 著 ;陈晞 译
分册:  
出版信息: 北京   华文出版社  2020
页数: 386页
开本: 24cm
丛书名:
单 册:
中图分类: D771.238 , D771.23
科图分类:
主题词: 移民--历史--研究--美国--1607-1860
电子资源:
ISBN: 978-7-5075-5269-0
000 01268nam0 2200265 450
001 2468412594
005 20240907190034.74
010    @a978-7-5075-5269-0@b精装@dCNY96.00
100    @a20200622d2020 em y0chiy50 ea
101 1  @achi@ceng
102    @aCN@b110000
105    @aab z 000yy
200 1  @a大西洋移民@Ada xi yang yi min@e1607-1860@dThe Atlantic migration@e1607-1860@f(美)马库斯·李·汉森著@g陈晞译@zeng
210    @a北京@c华文出版社@d2020
215    @a386页@c图,地图@d24cm
300    @a华文全球史 051
330    @a本书再现了17世纪到19世纪欧洲主要国家的平民移民美国的波澜壮阔历史。作者站在欧洲而非美国的立场研究移民问题:农耕形式和土地所有权的改变、工业的兴起、自然灾害、政治压迫、宗教歧视及移民机构的强制政策等因素交织在一起,是如何导致移民潮形成的;科学技术的发展为移民潮的形成提供了哪些可能;为了设计航行路线,当时的人们为什么宁愿倾尽所有;美国作为人们向往的乐土,为何会出现移民低潮;为什么美国政府时而积极推动时而有意阻碍移民进程等。
510 1  @aAtlantic migration@e1607-1860@zeng
606 0  @a移民@x历史@x研究@y美国@z1607-1860
690    @aD771.238@v5
690    @aD771.23@v4
701  0 @c(美)@a汉森@Ahan sen@c(Hansen, Marcus Lee)@4著
702  0 @a陈晞@Achen xi@c(女)@4译
801  0 @aCN@b91MARC@c20200622
905    @aZUCC@dD771.23@e2
    
    大西洋移民:1607-1860=The Atlantic migration:1607-1860/(美)马库斯·李·汉森著/陈晞译.-北京:华文出版社,2020
    386页:图,地图;24cm
    华文全球史 051
    
    ISBN 978-7-5075-5269-0(精装):CNY96.00
    本书再现了17世纪到19世纪欧洲主要国家的平民移民美国的波澜壮阔历史。作者站在欧洲而非美国的立场研究移民问题:农耕形式和土地所有权的改变、工业的兴起、自然灾害、政治压迫、宗教歧视及移民机构的强制政策等因素交织在一起,是如何导致移民潮形成的;科学技术的发展为移民潮的形成提供了哪些可能;为了设计航行路线,当时的人们为什么宁愿倾尽所有;美国作为人们向往的乐土,为何会出现移民低潮;为什么美国政府时而积极推动时而有意阻碍移民进程等。
●
相关链接 在五车中查询图书 在当当中查询图书 在豆瓣中查询图书


正题名:大西洋移民     索取号:D771.23/2         预约/预借

序号 登录号 条形码 馆藏地/架位号 状态 备注
1 2001762493   2001762493   第四书库/四26架B面5层4列/ [索取号:D771.23/2] 在馆    
2 2001762494   2001762494   第四书库/四26架B面5层4列/ [索取号:D771.23/2] 在馆    
3 2001762495   2001762495   第四书库/四26架B面5层4列/ [索取号:D771.23/2] 在馆    
4 2001762496   2001762496   第四书库/四26架B面5层4列/ [索取号:D771.23/2] 在馆    
5 2001762497   2001762497   第四书库/ [索取号:D771.23/2] 在馆    
6 2001762498   2001762498   第四书库/ [索取号:D771.23/2] 在馆    
山东省滨州职业学院图书馆 欢迎您!
大连网信软件有限公司© 版权所有